The world of norm may produce gas / (Record no. 1454)

MARC details
000 -LEADER
fixed length control field 01258nam a22002417a 4500
005 - DATE AND TIME OF LATEST TRANSACTION
control field 20230825104839.0
020 ## - INTERNATIONAL STANDARD BOOK NUMBER
International Standard Book Number 9781408323601
040 ## - CATALOGING SOURCE
Original cataloging agency FISKH
Language of cataloging eng
082 ## - DEWEY DECIMAL CLASSIFICATION NUMBER
Classification number 823.92
100 ## - MAIN ENTRY--PERSONAL NAME
Personal name Meres, Jonathan
245 ## - TITLE STATEMENT
Title The world of norm may produce gas /
Statement of responsibility, etc. Jonathan Meres
250 ## - EDITION STATEMENT
Edition statement This edition published in 2016 by The Watts Publishing Group
260 ## - PUBLICATION, DISTRIBUTION, ETC.
Place of publication, distribution, etc. London :
Name of publisher, distributor, etc. Orchard,
Date of publication, distribution, etc. 2012
300 ## - PHYSICAL DESCRIPTION
Extent 275 pages, 12 unnumbered pages :
Other physical details illustrations ;
Dimensions 20 cm
490 ## - SERIES STATEMENT
Series statement The World of Norm
505 ## - FORMATTED CONTENTS NOTE
Formatted contents note H
520 ## - SUMMARY, ETC.
Summary, etc. Norm knew it was going to be one of those days when he got blamed for global warming. And that's just the tip of the iceberg... It seems like the whole world has gone mad. His dad's obsessed with gas, his best friend has come down with a case of hormones and his brother is in dire need of deodorant. Looks like there's going to be quite a stink. Is life still unfair for Norm ABSO-FLIPPING-LUTELY! Jonathan Meres follows up May Contain Nuts and May Cause Irritation with another laugh-out-loud story about Norm, a boy who can't understand why everything always seems unfair...
521 ## - TARGET AUDIENCE NOTE
Target audience note 490 <br/>
Source Lexile
521 ## - TARGET AUDIENCE NOTE
Target audience note H <br/>
Source Raz-Plus
942 ## - ADDED ENTRY ELEMENTS (KOHA)
Source of classification or shelving scheme Dewey Decimal Classification
Koha item type Books
Suppress in OPAC No
999 ## -
-- 1454
-- 1454
Holdings
Withdrawn status Lost status Source of classification or shelving scheme Damaged status Not for loan Collection Home library Current library Shelving location Date acquired Total Checkouts Full call number Barcode Date last seen Date last checked out Copy number Price effective from Koha item type
    Dewey Decimal Classification     Juvenile Fiction Footprints International School Library Network Toul Kork Campus Footprints International School Library Network Toul Kork Campus TK Primary Library Room(4th Floor), Bookcase 1&2, Shelves 1-16, Dark Blue Books 08/25/2023 2 MER 823.92 PZ7 FISTK05298 04/23/2026 04/09/2026 1 08/25/2023 Books
    Dewey Decimal Classification     Fiction Footprints International School Library Network Toul Kork Campus Footprints International School Library Network Toul Kork Campus   05/21/2024   MER 823.92 PZ7 2024-0664 05/21/2024   2 05/21/2024 Books